00584nam a2200145Ia 4500008004100000050002400041100002500065245008200090260008600172300002000258521002700278942000700305999001900312952010700331140724s9999 xx 000 0 und d aTK 3001b.P294 2011 aPatag, Bon Daniel B. aAutomated billing system for Evangelista Beach Resort /cBon Daniel B. Patag. aLas Piñas, Philippines :bSouthville International School and Colleges,cc2011. a39 p. :c28 cm. aInformation Technology cTH c228790d228790 001040aCLbCLcTHESESd2014-07-24l0oTK 3001 .P294 2011pT0144r2018-05-15 00:00:00w2014-07-24yTH